000 01183nam0a2200325 4500
001 RU\NLR\BIBL_A\022661533
005 20260123113017.0
010 _a978-5-17-173102-1
_92000
021 _aRU
_bКН-П-25-057518
_9КН-П-25-5539
035 _a(NLR Aleph) 022661533
090 _a13535840
_c13535840
100 _a20251107d2025 u y0rusy50 ca
101 1 _arus
_ceng
102 _aRU
105 _aa z 000yy
181 0 _ai3
_baxxe
182 0 _an
200 1 _aЧтение по лицу
_eдревняя китайская методика распознавания сигналов тела
_fВу Джианше
_gпер. с англ.: А. Анваер
203 _aТекст
_bвизуальный
_cнепосредственный
210 _aМосква
_cАСТ
_d2025
215 _a154, [1] с.
_cцв. ил., табл.
_d21
225 1 _aТрадиции восточного долголетия
333 _a16+
606 1 _aФизиогномика
_2nlr_sh1
_2nlr_sh2
_3RU\NLR\AUTH\661009482
686 1 _aЮ9с792я9
700 0 _aВу Джианше
942 _cBOOK
980 _aNB